Álora, la bien cercada [ (Record no. 175913)

MARC details
000 -LEADER
campo de control de longitud fija 00915nas a2200253 4500
001 - NÚMERO DE CONTROL
campo de control 175913
003 - IDENTIFICADOR DE NÚMERO DE CONTROL
campo de control ES-MaACL
005 - FECHA Y HORA DE LA ÚLTIMA TRANSACCIÓN
campo de control 20250810225314.0
007 - CAMPO FIJO DE DESCRIPCIÓN FÍSICA--INFORMACIÓN GENERAL
campo de control de longitud fija c| |||||||||||
008 - DATOS DE LONGITUD FIJA--INFORMACIÓN GENERAL
campo de control de longitud fija 101130s1991 sp mr p 001 |spa d
022 ## - NÚMERO INTERNACIONAL NORMALIZADO PARA PUBLICACIONES SERIADAS
Número Internacional Normalizado para Publicaciones Seriadas 1889-2280
080 ## - NÚMERO DE LA CLASIFICACIÓN DECIMAL UNIVERSAL
Número de la Clasificación Decimal Universal 82-1
245 00 - MENCIÓN DEL TÍTULO
Título Álora, la bien cercada [
Medio Recurso electrónico]
Resto del título : revista de letras.
260 ## - PUBLICACIÓN, DISTRIBUCIÓN, ETC.
Lugar de publicación, distribución, etc. Álora, Málaga :
Nombre del editor, distribuidor, etc. Concejalía de Cultura,
Fecha de publicación, distribución, etc. 1991-
300 ## - DESCRIPCIÓN FÍSICA
Extensión [v. :
Otras características físicas il. ;
Dimensiones 22 cm]
310 ## - PERIODICIDAD ACTUAL
Periodicidad actual Mensual
362 1# - FECHAS DE PUBLICACIÓN Y/O DESIGNACIÓN SECUENCIAL
Fecha de publicación y/o designación secuencial N. 1 (feb. 1991)-
594 ## - Nota al título y mención de responsabilidad
Nota al título y mención de responsabilidad Presentación del n. 27 de la revista Álora en el Ateneo de Madrid, el 17 de febrero de 2011.
610 24 - PUNTO DE ACCESO ADICIONAL DE MATERIA--NOMBRE DE ENTIDAD CORPORATIVA
Nombre de entidad corporativa o nombre de jurisdicción como elemento de entrada Ateneo de Madrid-
Subdivisión general Actos culturales-
Subdivisión cronológica 2010-2011.
9 (RLIN) 161917
650 07 - PUNTO DE ACCESO ADICIONAL DE MATERIA--TÉRMINO DE MATERIA
Término de materia o nombre geográfico como elemento de entrada Poesía
Fuente del encabezamiento o término embne
9 (RLIN) 16149
710 1# - ENTRADA AGREGADA--NOMBRE DE ENTIDAD CORPORATIVA
Nombre de entidad corporativa o nombre de jurisdicción como elemento de entrada Álora.
Unidad subordinada Concejalía de Cultura.
9 (RLIN) 144126
856 4# - LOCALIZACIÓN Y ACCESO ELECTRÓNICOS
Identificador Uniforme de Recursos <a href="http://revistaaloralabiencercada.blogspot.com/ ">http://revistaaloralabiencercada.blogspot.com/ </a>
Nota pública Revista Álora, la bien cercada
Holdings
Estatus retirado Estado de pérdida Fuente del sistema de clasificación o colocación Estado de daño No para préstamo Colección Biblioteca de origen Biblioteca actual Ubicación en estantería Fecha de adquisición Total de préstamos Signatura topográfica completa Código de barras Visto por última vez Precio de reemplazo Tipo de ítem Koha
  Perdido Clasificación decimal universal     Colección digital Biblioteca del Ateneo de Madrid Biblioteca del Ateneo de Madrid Depósito 04/11/2019   Recurso electr�nico 1201229 23/02/2023 23/02/2023 Archivo de ordenador en CD-ROM, CD o disquete